00510nam a2200133Ia 4500082002000000245005300020260004300073300001400116500013200130650003600262650002600298650002400324650002800348 aRR 923.254 WHO- 0aWho's who: Parliament of India twelfth lok sabha aNew DelhibLok Sabha Secretariatc1999 axxi, 1312 acontents: Acc no. 37692 (xvi,1165p.), (1997) - Acc no. D1712 (Parliament of India thirteenth lok sabha), (2000), (xxii, 1333p.) aLegislators - Biography - India aLok sabha legislators aLegislators - India aBiography - Directories